View from the seventh floor

Đã lưu trong:
书目详细资料
主要作者: Rostow, W. W.
格式: 图书
语言:Undetermined
出版: New York Harper & Row 1964
标签: 添加标签
没有标签, 成为第一个标记此记录!
Thư viện lưu trữ: Trung tâm Học liệu Trường Đại học Cần Thơ
LEADER 00429nam a2200169Ia 4500
001 CTU_77939
008 210402s9999 xx 000 0 und d
082 |a 327.73 
082 |b R839 
100 |a Rostow, W. W. 
245 0 |a View from the seventh floor 
245 0 |c W. W. Rostow 
260 |a New York 
260 |b Harper & Row 
260 |c 1964 
904 |i Trúc 
980 |a Trung tâm Học liệu Trường Đại học Cần Thơ